Lineamientos para la gestión nacional de especies exóticas invasoras (Registro nro. 18853)

Detalles MARC
000 -CABECERA
Campo de control 01045nam a22002657a 4500
005 - FECHA Y HORA DE LA ULTIMA TRANSACCION
Campo de control 20160629102722.0
008 - ELEMENTOS DE LONGITUD FIJA—INFORMACION GENERAL
Campo de control 160629t2010 uy a||||r|||| 00| 0 spa d
020 ## - ISBN
ISBN 9789290891628
040 ## - FUENTE DE CATALOGACIÓN
Agencia catalogadora original CO-BoIAVH
Agencia transcriptora CO-BoIAVH
041 0# - IDIOMA
Código de idioma para texto/pista de sonido o título separado Español
044 ## - PAÍS DE PUBLICACIÓN
País de publicación Uruguay
082 04 - NUMERO DE CLASIFICACION DECIMAL DEWEY
Número de clasificación 333.9523
Número del ítem L75g
245 00 - MENCION DE TITULO
Título Lineamientos para la gestión nacional de especies exóticas invasoras
260 ## - PUBLICACION, DISTRIBUCION, ETC. (PIE DE IMPRENTA)
Lugar de publicación, distribución, etc. Uruguay? :
Nombre del editor, distribuidor, etc. UNESCO,
-- Comite Nacional de Especies Exóticas Invasoras,
Fecha de publicación, distribución, etc. 2010.
300 ## - DESCRIPCION FISICA
Extensión 144 páginas :
Otros detalles físicos ilustraciones a color ;
Dimensiones 21 x 15 cm.
504 ## - NOTA DE BIBLIOGRAFIA, ETC.
Nota de bibliografía Incluye referencias bibliográficas.
650 16 - ASIENTO SECUNDARIO DE MATERIA - TERMINO TEMATICO
Término temático o nombre geográfico como elemento de entrada Especies introducidas
Subdivisión general Gestión
Subdivisión de forma Guías
Subdivisión geográfica Uruguay
9 (RLIN) 72566
650 24 - ASIENTO SECUNDARIO DE MATERIA - TERMINO TEMATICO
Término temático o nombre geográfico como elemento de entrada Especies exóticas
Subdivisión general Gestión
Subdivisión de forma Guías
Subdivisión geográfica Uruguay
9 (RLIN) 72567
650 26 - ASIENTO SECUNDARIO DE MATERIA - TERMINO TEMATICO
Término temático o nombre geográfico como elemento de entrada Especies introducidas
Subdivisión general Gestión
-- Legislación
9 (RLIN) 72568
650 26 - ASIENTO SECUNDARIO DE MATERIA - TERMINO TEMATICO
Término temático o nombre geográfico como elemento de entrada Especies introducidas
Subdivisión general Aspectos económicos
9 (RLIN) 72569
650 26 - ASIENTO SECUNDARIO DE MATERIA - TERMINO TEMATICO
Término temático o nombre geográfico como elemento de entrada Especies introducidas
Subdivisión general protección
9 (RLIN) 72570
700 1# - ASIENTO SECUNDARIO - NOMBRE PERSONAL
Nombre personal Aber, Ana
Término de relación coordinadora
9 (RLIN) 58055
700 1# - ASIENTO SECUNDARIO - NOMBRE PERSONAL
Nombre personal Ferrari, Graciela
Término de relación coordinadora
9 (RLIN) 58056
942 ## - ELEMENTOS ADICIONALES (KOHA)
Sistema de clasificación Dewey Decimal Classification
Tipo de ítem Libro
Existencias
Withdrawn status Lost status Sistema de Clasificación Damaged status No para préstamo Colección Inventariado Ubicación Permanente Ubicación actual Fecha de adquisición Fuente de Valor Valor Total Checkouts Número topográfico Inventario / Código de Barras Date last seen Ejemplar Price effective from Forma de adquisición Tipo de material
    Dewey Decimal Classification     General Inventariado 2017 Bogotá Bogotá 29/06/2016 Instituto 39000.00   LB-333.9523 L75g 034204 29/06/2016 Ej. 1 29/06/2016 Donación Libro